| 000 | 00884cam a22001935a 4500 | ||
|---|---|---|---|
| 001 | L140580 | ||
| 008 | 071001s1930 xxk eng u | ||
| 035 | _a(Sirsi) u140580 | ||
| 041 | 0 | _aeng | |
| 110 | 2 |
_aKnight Frank and Rutley _91990 |
|
| 245 | 0 | 0 | _a11-19 Berkeley Square and 15-20 Bruton Street...to be offered for sale by auction...by Messrs. Knight, Frank and Rutley...on Thursday 6 November 1930... |
| 260 |
_aLondon _bKnight, Frank and Rutley _c1930 |
||
| 300 |
_a52 p. _bill. _c38 cm. |
||
| 351 | _cSingle item | ||
| 500 | _aSales particulars for houses in Berkeley Square and Bruton Street, Mayfair, to be sold by Knight, Frank at Rutley at the Estate Sales Room, 20 Hanover Square. Includes a history of Berkeley Square and Bruton Street. | ||
| 651 | 4 | _aLondon | |
| 690 | _aPROPERTY-PROPERTY ACQUISITION AND DISPOSAL-ACQUISITION AND DISPOSAL AT AUCTION | ||
| 942 | _n0 | ||
| 999 |
_c116372 _d116372 |
||